Legislaȯ̂ Profissional da Arquitetura

Bibliographic Details
Main Author: Fernandes Castilho, Jos ̌Roberto
Format: Book
Language:Portuguese
Published: Brasil Pillares 2014
Subjects:
Online Access:Acceso restringido

MARC

LEADER 00000nam a22000007a 4500
005 2016061307257.0
007 cr|||| ||u|
008 160613s2014 bl ||||| |||| 00||0 por d
020 |a 978-85-8183-035-3 
035 |a 14307 
040 |a vLex 
090 |c 6187  |d 6187 
100 1 |a Fernandes Castilho, Jos ̌Roberto 
245 1 0 |a Legislaȯ̂ Profissional da Arquitetura  |h [Recurso electrn̤ico] /  |c Jos ̌Roberto Fernandes Castilho  
256 |a Servicio en ln̕ea  
260 |a Brasil  |b Pillares  |c 2014 
300 |a 1 recurso electrn̤ico  
506 1 |a Contenido solo disponible en los productos indicados  |d vLex Global  |d vLex Global (Academic Edition, excluding Law Schools)  |d vLex Global (U.S. Academic Edition, Law Schools)  |d vLex Global (U.S. Academic Edition, excluding Law Schools)  |d vLex Global (Academic Edition, Law Schools) 
650 0 4 |a Legislacin̤  |z Brasil 
740 0 |a vLex libros (servicio en ln̕ea)  
856 4 0 |u http://vlex.com/source/legisla-o-profissional-arquitetura-14307  |z Acceso restringido 
942 |c BOOK 
999 0 |a Legislation  |b Brasil